000 01304nam a2200313Ia 4500
001 ebr10366334
003 CaPaEBR
006 m u
007 cr cn|||||||||
008 100902s2010 dcua sb i000 0 eng d
040 _aCaPaEBR
_cCaPaEBR
035 _a(OCoLC)680613531
050 1 4 _aHG1220.25
_b.A48 2010eb
100 1 _aAlturki, Fahad.
245 1 0 _aInflation in Tajikistan
_h[electronic resource] :
_bforecasting analysis and monetary policy challenges /
_cFahad Alturki and Svetlana Vtyurina.
260 _a[Washington, D.C.] :
_bInternational Monetary Fund,
_c2010.
300 _a19 p. :
_bill.
490 1 _aIMF working paper ;
_vWP/10/17
504 _aIncludes bibliographical references.
533 _aElectronic reproduction.
_bPalo Alto, Calif. :
_cebrary,
_d2011.
_nAvailable via World Wide Web.
_nAccess may be limited to ebrary affiliated libraries.
650 0 _aInflation (Finance)
_zTajikistan.
650 0 _aMonetary policy
_zTajikistan.
655 7 _aElectronic books.
_2local
700 1 _aVtyurina, Svetlana.
710 2 _aInternational Monetary Fund.
710 2 _aebrary, Inc.
830 0 _aIMF working paper ;
_vWP/10/17.
856 4 0 _uhttp://site.ebrary.com/lib/rucke/Doc?id=10366334
_zAn electronic book accessible through the World Wide Web; click to view
999 _c218047
_d218047